Mnogofaktornyje kusočno-linejnyje modeli

Na minha lista:
Detalhes bibliográficos
Formato: Livro
Idioma:russo
Publicado em: Moskva Finansy i statistika 1984
Colecção:Matematičeskaja statistika dlja ekonomistov
Tags: Adicionar Tag
Sem tags, seja o primeiro a adicionar uma tag!

MARC

LEADER 00000nam a2200000 4500
001 c109858
005 20260202074338.0
041 0 |a rus 
044 |a RU 
245 1 0 |a Mnogofaktornyje kusočno-linejnyje modeli  |c Vladislav Igor'jevič Kotjukov 
264 1 |a Moskva  |b Finansy i statistika  |c 1984 
300 |a 215 s. 
490 1 |a Matematičeskaja statistika dlja ekonomistov 
830 0 |a Matematičeskaja statistika dlja ekonomistov